000 00658nam a2200241Ia 4500
003 OSt
005 20221007062252.0
006 a|||||r|||| 00| 0
007 ta
008 221006b |||||||| |||| 00| 0 eng d
024 _a16,204
037 _cTextual
040 _aFLL
_cFLL
_beng
041 _2eng
_aeng
082 _aX8(F)118:Z2q, L8
100 _aLal Jagdish
_9682488
245 0 _aHand book of gold control act with rules & notifications
250 _a2nd
260 _aAllahabad
_bDelhi Law House India
_c1978
300 _a120p
_ccm.
942 _hX8(F)118:Z2q, L8
_cTEXL
_2CC
999 _c1128163
_d1128163